-
KHAR, ROOP K AND VYAS, SP, AHMAD, FARHAN J, JAIN, GAURAV K
Entry Personal Name
Number of records used in: 2
001 - CONTROL NUMBER
003 - CONTROL NUMBER IDENTIFIER
005 - DATE AND TIME OF LATEST TRANSACTION
- control field:
20200225120008.0
008 - FIXED-LENGTH DATA ELEMENTS
- fixed length control field:
200225|| aca||aabn | a|a d
040 ## - CATALOGING SOURCE
- Original cataloging agency:
OSt
- Transcribing agency:
OSt
100 ## - HEADING--PERSONAL NAME
- Personal name:
KHAR, ROOP K AND VYAS, SP, AHMAD, FARHAN J, JAIN, GAURAV K
670 ## - SOURCE DATA FOUND
- Source citation:
Work cat.: (OSt): KHAR, ROOP K AND VYAS, SP, AHMAD, FARHAN J, JAIN, GAURAV K, THE THEORY AND PRACTICE OF INDUSTRIAL PHARMACY